Gospel According to Jesus (Record no. 19251)

MARC details
000 -LEADER
fixed length control field 00576nam a2200229 a 4500
020 ## - INTERNATIONAL STANDARD BOOK NUMBER
ISBN
082 00 - DEWEY DECIMAL CLASSIFICATION NUMBER
Classification number 232
Author Cutter MAC
100 ## - MAIN ENTRY--AUTHOR NAME
Author name Macarthur Jr, John F
245 ## - TITLE STATEMENT
Title Gospel According to Jesus
260 ## - PUBLICATION, DISTRIBUTION, ETC. (IMPRINT)
Place of publication California
Name of publisher Word of Grace
Year of publication 1988
300 ## - PHYSICAL DESCRIPTION
Number of Pages 253p
500 ## - GENERAL NOTE
General note includes index and biblioraphy
650 ## - SUBJECT ADDED ENTRY--TOPICAL TERM
Topical Term Jesus Christ-Person and Offices
942 ## - ADDED ENTRY ELEMENTS (KOHA)
Koha item type Books
700 1# -
-- Macarthur Jr, John F
Holdings
Collection code Home library Current library Date acquired Cost, normal purchase price Full call number Accession Number Koha item type
  Henry Martyn Institute Library Henry Martyn Institute Library 04/17/2008 100.00 232 MAC 11001872 Books
                   Copyright © 2026 | Henry Martyn Institute | Hyderabad | TS-500052 | INDIA | Implemented by hmi.edu.in
Hit-Count:

Powered by Koha